00952nam a2200229 a 450000100100000000500170001000800410002702000150006804000250008308200210010810000430012924500950017226000480026730000270031559000260034265000280036865000310039691000370042795201180046495201230058299900170070500002843220240412074253.0110408s1999 dr a 000 0 spa d a9993400009 aDO-SdBNPbspacBNPHU aRD861.44bN124tr1 aNacidit-Perdomo, Ylonka,d1965-92427710aTriángulo en trébol :b¿acaso el amor quiebra la tristeza? /cYlonka Nacidit-Perdomo. aSanto Domingo :bStanley Gráficas,c1999. a61 p. :bil. ;c14 cm. aInventariado, 2018/LP 0aPoesía dominicana966 0aLiteratura dominicana.967 aValidado. Control de calidad EMS 0010718PDaPDbPDcHDd2011-04-08iLF1l0oRD861.44 N124tp28432-10r2020-06-25w2020-06-25yLFPDZNo se presta 0010718PDaPDbPDcHDd2011-04-08iLF1l0oRD861.44 N124tp28432-20r2020-06-25te.2w2020-06-25yLFPDZNo se presta c27924d27924